Faculty of Law Library — Cairo University

Official Online Catalog

La Continuité Des Services Publics / (Record no. 76311)

MARC details
000 -LEADER
fixed length control field 01003nam a2200313 i 4500
003 - CONTROL NUMBER IDENTIFIER
control field EG-GICUC
005 - DATE AND TIME OF LATEST TRANSACTION
control field 20260508174008.0
008 - FIXED-LENGTH DATA ELEMENTS--GENERAL INFORMATION
fixed length control field 260508s1973 fr ||||fr|||| 00| 0 fre d
040 ## - CATALOGING SOURCE
Original cataloging agency EG-GiCUC
Language of cataloging fre
Transcribing agency EG-GiCUC
Modifying agency EG-GiCUC
Description conventions Rda
041 ## - LANGUAGE CODE
Language code of text/sound track or separate title fre
082 04 - DEWEY DECIMAL CLASSIFICATION NUMBER
Edition number 21
Classification number 345.3251
Item number GI.C
092 04 - LOCALLY ASSIGNED DEWEY CALL NUMBER (OCLC)
Edition number 21
099 ## - LOCAL FREE-TEXT CALL NUMBER (OCLC)
Classification number Law1 07 345.3251 GI.C 1ed 1973
100 1# - MAIN ENTRY--PERSONAL NAME
Personal name Gilli , Jean Paul
Relator term Auteur
245 ## - TITLE STATEMENT
Title La Continuité Des Services Publics /
Statement of responsibility, etc. Jean Paul Gilli .
250 ## - EDITION STATEMENT
Edition statement 1ed .
264 ## - PRODUCTION, PUBLICATION, DISTRIBUTION, MANUFACTURE, AND COPYRIGHT NOTICE
Place of production, publication, distribution, manufacture Paris :
Name of producer, publisher, distributor, manufacturer PRESSES UNIVERSITAIRES DE FRANCE ,
Date of production, publication, distribution, manufacture, or copyright notice 1973 .
300 ## - PHYSICAL DESCRIPTION
Extent 207 page ;
Dimensions 24 cm.
336 ## - CONTENT TYPE
Source rda contenu
Content type term texte
337 ## - MEDIA TYPE
Source rda medias
Media type term Ordinateur
338 ## - CARRIER TYPE
Source transporteur rda
Carrier type term Ressource en ligne
546 ## - LANGUAGE NOTE
Language note Texte en français
650 1# - SUBJECT ADDED ENTRY--TOPICAL TERM
Topical term or geographic name entry element Droit administratif
650 1# - SUBJECT ADDED ENTRY--TOPICAL TERM
Topical term or geographic name entry element Principe de fonctionnement régulier des installations publiques
651 1# - SUBJECT ADDED ENTRY--GEOGRAPHIC NAME
Source of heading or term qrmak
856 40 - ELECTRONIC LOCATION AND ACCESS
Uniform Resource Identifier <a href="https://fll.law.cu.edu.eg/fulltext/bks/B07-06285.pdf">https://fll.law.cu.edu.eg/fulltext/bks/B07-06285.pdf</a>
905 ## - Cataloger and Reviser Names
Cataloger Name: Hager Sameh
942 ## - ADDED ENTRY ELEMENTS (KOHA)
Source of classification or shelving scheme Dewey Decimal Classification
Koha item type Books
Edition 21
Suppress in OPAC No
Holdings
Withdrawn status Lost status Source of classification or shelving scheme Damaged status Not for loan Collection Home library Current library Date acquired Total checkouts Full call number Barcode Date last seen Copy number Price effective from Koha item type
    Dewey Decimal Classification   Not for loan القانون الإداري جــــامعة القــاهرة مكتبة كلية الحقوق - المبنى الرئيسي 08.05.2026   Law1 07 345.3251 GI.C 1ed 1973 0706285 C1 B07-06285 08.05.2026 1 08.05.2026 Books
    Dewey Decimal Classification     القانون الإداري جــــامعة القــاهرة مكتبة كلية الحقوق - المبنى الرئيسي 16.05.2026   Law1 07 345.3251 CO 1ed - 1973 0706127 C2 B07-06127 16.05.2026 2 16.05.2026 Books
    Dewey Decimal Classification     القانون الإداري مكتبة كلية الحقوق - فـرع الشيخ زايد مكتبة كلية الحقوق - فـرع الشيخ زايد 16.05.2026   Law2 07 345.3251 CO 1ed 1973 0706186 C3 B07-06186 16.05.2026 3 16.05.2026 Books

© All rights reserved — Faculty of Law, Cairo University